Les 10 villes les plus peuplées du Loiret (45) - Statistiques

Statistiques générales
  • Ce quiz a été pris 44 fois
  • Le résultat moyen est 6 sur 10
Statistiques - réponses
Population Communes % Correct
116 300 Orléans
100%
14 800 Montargis
87%
23 000 Olivet
79%
21 700 Fleury-les-Aubrais
66%
13 400 Gien
66%
16 900 Saran
61%
22 100 Saint-Jean-de-Braye
53%
16 600 Saint-Jean-de-la-Ruelle
50%
13 400 Amilly
39%
13 000 Châlette-sur-Loing
29%
Aucun quiz correspondant
Distribution des résultats
% des personnes avec chaque résultat
Percentile par nombre de réponses
Votre historique - résultats
Vous n’avez pas pris ce quiz